| 000 | 00596nas a2200217 4500 | ||
|---|---|---|---|
| 001 | BR7302106 | ||
| 003 | BR-BrBNA | ||
| 005 | 20231205082417.0 | ||
| 007 | ta | ||
| 008 | 230509b bl.|||p| |||| 00| 00por d | ||
| 040 |
_aBR-BrBNA _bpor _cBiblioteca Nacional de Agricultura |
||
| 041 | _a(Pt) | ||
| 072 | _aH10 | ||
| 100 | 1 | _aPeracchi, A.L. | |
| 245 | 1 | _aCaruncho do cafe causa serios prejuizos | |
| 650 | _aCAFE | ||
| 650 | _aCARUNCHO | ||
| 773 | 0 |
_tBoletim do Campo (Brazil) _x _g(Mar 1968), v. 31(222) p. 17-18 _wBR7302106 |
|
| 909 |
_a202311 _bLúcia _c55 _dLúcia Elande |
||
| 942 |
_2AGRIS _n0 _cANA |
||
| 999 |
_c91557 _d91557 |
||